| 000 | 00729nam a2200181 i 4500 | ||
|---|---|---|---|
| 001 | 156802 | ||
| 003 | ES-MaACL | ||
| 005 | 20240305181241.0 | ||
| 008 | 990525s1895 sp |||| | spa d | ||
| 100 | 1 |
_aLabra, Rafael M. de, _d1840-1918 _969273 |
|
| 245 | 1 | 3 |
_aLa enseñanza primaria por el Estado _b: discurso pronunciado en la sesión celebrada por el Congreso de los Diputados el 18 de mayo de 1895 / _c[Rafael M. de Labra]. |
| 260 |
_aMadrid : _b[s.n.], _c1895 ( _fTip. de Alfredo Alonso) |
||
| 300 |
_a95 p. ; _c21 cm. |
||
| 594 | _aEl autor consta en cub. | ||
| 650 | 7 |
_aEnseñanza primaria- _zEspaña- _yS.XIX _2 _9165207 |
|
| 852 |
_aES-MaACL _jT-872-F-8 _z- Enc. hol. _z- Enc. en un vol. facticio |
||
| 999 |
_c156802 _d156802 |
||